00262nam a22001097a 4500020001800000082001500018100001800033245005100051260002400102300001000126650001600136 a9780712670739 a650.1bCHO aChopra Deepak aThe Seven Spritual Laws Of Success for Parents aLondonbRIDERc1997 a156 P aSprituality